[Event "Olympiad-44"]
[Site "Chennai"]
[Date "2022.08.08"]
[Round "10.3"]
[White "Salazar Cabezas, Alberto Javier"]
[Black "Zebaze, Dongmo Loic Dylane"]
[Result "1-0"]
[WhiteElo "2155"]
[BlackElo "1837"]
[PlyCount "99"]
[EventDate "2022.07.29"]
[EventType "team-swiss"]
[EventRounds "11"]
[EventCountry "IND"]
[SourceTitle "CBM 210"]
[Source "ChessBase"]
[SourceDate "2022.10.31"]
[SourceVersion "1"]
[SourceVersionDate "2022.10.31"]
[SourceQuality "1"]
[WhiteTeam "Nicaragua"]
[BlackTeam "Cameroon"]
[WhiteTeamCountry "NCA"]
[BlackTeamCountry "CAM"]

1. Nf3 Nf6 2. c4 e6 3. g3 d5 4. Bg2 Be7 5. 0-0 0-0 6. b3 c5 7. Bb2 Nc6 8. e3 Qc7 9. Nc3 a6 10. cxd5 exd5 11. d4 cxd4 12. Nxd4 Rd8 13. Rc1 Qb6 14. Na4 Qa5 15. Rxc6 bxc6 16. Nxc6 Qc7 17. Nxd8 Qxd8 18. Bxf6 Bxf6 19. Qxd5 Qxd5 20. Bxd5 Ra7 21. Rc1 Bh3 22. Nb6 g6 23. f3 Bd8 24. Nc4 Rd7 25. e4 Bf6 26. Kf2 Kg7 27. Rd1 a5 28. Nxa5 Ra7 29. b4 Bd8 30. Ke2 Bxa5 31. bxa5 Rxa5 32. Rc1 f5 33. Rc7+ Kf6 34. Rxh7 fxe4 35. fxe4 Bg4+ 36. Ke3 Be6 37. Bxe6 Kxe6 38. Kf4 Rxa2 39. Kg5 Ke5 40. Kxg6 Kxe4 41. Rf7 Rxh2 42. g4 Ke5 43. g5 Ke6 44. Rf1 Ke7 45. Kg7 Re2 46. g6 Re3 47. Kg8 Rg3 48. g7 Rg2 49. Re1+ Kf6 50. Kf8 1-0

[Event "NCA-ch final"]
[Site "Managua"]
[Date "2022.03.08"]
[Round "5"]
[White "Salazar Cabezas, Alberto Javier"]
[Black "Alfaro Caracas, William"]
[Result "1/2-1/2"]
[WhiteElo "2162"]
[BlackElo "2112"]
[PlyCount "103"]
[EventDate "2022.03.05"]
[EventType "tourn"]
[EventRounds "11"]
[EventCountry "NCA"]
[SourceTitle "EXT 2023"]
[Source "ChessBase"]
[SourceDate "2022.10.05"]
[SourceVersion "1"]
[SourceVersionDate "2022.10.05"]
[SourceQuality "1"]

1. d4 Nf6 2. Nf3 c5 3. d5 e6 4. Nc3 Nxd5 5. Nxd5 exd5 6. Qxd5 Nc6 7. Bg5 Be7 8. 0-0-0 Nb4 9. Bxe7 Qxe7 10. Qb3 d6 11. e4 0-0 12. a3 Nc6 13. Qe3 Re8 14. Bc4 Be6 15. Bd5 Bxd5 16. Rxd5 Qxe4 17. Qxe4 Rxe4 18. Rxd6 Re2 19. Rd2 Rxd2 20. Kxd2 Rd8+ 21. Kc3 Nd4 22. Nxd4 Rxd4 23. Re1 Kf8 24. b4 Rd5 25. Re2 cxb4+ 26. axb4 Rd7 27. b5 Re7 28. Rd2 Ke8 29. Kb4 Rd7 30. Rxd7 Kxd7 31. Kc5 Ke6 32. f4 f6 33. c4 g5 34. g3 h5 35. Kd4 h4 36. Kc5 gxf4 37. gxf4 h3 38. Kb4 Kd7 39. c5 Kc7 40. f5 Kd7 41. Kc4 Kc7 42. Kd4 Kd8 43. Kd5 Kd7 44. Kc4 Kc7 45. Kb4 Kd7 46. Ka5 Kc7 47. Ka4 Kd7 48. Kb3 Kd8 49. Kc4 Kc7 50. Kd4 Kd8 51. Kd5 Kd7 52. Kc4 1/2-1/2

[Event "Managua Hurtado Memorial op"]
[Site "Managua"]
[Date "2021.12.28"]
[Round "5"]
[White "Salazar Cabezas, Alberto Javier"]
[Black "Rodriguez, Fausto"]
[Result "1/2-1/2"]
[WhiteElo "2143"]
[BlackElo "1962"]
[PlyCount "50"]
[EventDate "2021.12.26"]
[EventType "swiss"]
[EventRounds "9"]
[EventCountry "NCA"]
[SourceTitle "CBM 206 Extra"]
[Source "ChessBase"]
[SourceDate "2022.03.31"]
[SourceVersion "1"]
[SourceVersionDate "2022.03.31"]
[SourceQuality "1"]

1. Nf3 Nf6 2. c4 e6 3. g3 b6 4. Bg2 Bb7 5. 0-0 Be7 6. b3 d6 7. d4 Nbd7 8. Bb2 0-0 9. Nc3 Re8 10. Qc2 Bf8 11. e4 e5 12. d5 g6 13. Ne1 Bg7 14. Nd3 a5 15. Rae1 Nh5 16. Qd1 Rf8 17. Nb5 Ba6 18. f4 exf4 19. Bxg7 Nxg7 20. gxf4 f6 21. Nd4 Nc5 22. Nc6 Qd7 23. e5 fxe5 24. fxe5 Rxf1+ 25. Rxf1 Qg4 1/2-1/2

[Event "NCA-chT final"]
[Site "Managua"]
[Date "2021.10.24"]
[Round "6.2"]
[White "Briceno Sandino, Bryan Andres"]
[Black "Salazar Cabezas, Alberto Javier"]
[Result "0-1"]
[WhiteElo "1555"]
[BlackElo "2124"]
[PlyCount "82"]
[EventDate "2021.10.16"]
[EventType "team-tourn"]
[EventRounds "11"]
[EventCountry "NCA"]
[SourceTitle "EXT 2023"]
[Source "ChessBase"]
[SourceDate "2022.10.05"]
[SourceVersion "1"]
[SourceVersionDate "2022.10.05"]
[SourceQuality "1"]
[WhiteTeam "Universidad de Ingenieria"]
[BlackTeam "Jane Allen's Knights "]
[WhiteTeamCountry "NCA"]
[BlackTeamCountry "NCA"]

1. e4 e6 2. d4 d5 3. exd5 exd5 4. Bd3 Nc6 5. Nf3 Bg4 6. c3 Bd6 7. 0-0 Qd7 8. b4 Nge7 9. Nbd2 0-0 10. Qc2 Bf5 11. b5 Bxd3 12. Qxd3 Na5 13. Ne5 Qf5 14. Qxf5 Nxf5 15. Bb2 f6 16. Nd3 Rfe8 17. Rfe1 Kf7 18. h3 Rxe1+ 19. Rxe1 Re8 20. Kf1 Rxe1+ 21. Kxe1 Nc4 22. Bc1 Ke6 23. Nxc4 dxc4 24. Nf4+ Bxf4 25. Bxf4 Kd7 26. Kd2 Ne7 27. Kc2 c6 28. bxc6+ Kxc6 29. Bc1 Nd5 30. g3 b5 31. Ba3 a5 32. Bf8 g6 33. Bg7 b4 34. cxb4 axb4 35. h4 Kb5 36. Bh6 f5 37. Bg5 Kc6 38. Bh6 Kd7 39. Bc1 Ke6 40. Bh6 Ne7 41. Bd2 Nc6 0-1

[Event "Titled Tuesday intern op 19th Oct"]
[Site "Chess.com INT"]
[Date "2021.10.19"]
[Round "1"]
[White "Salazar Cabezas, Alberto Javier"]
[Black "King, Alexander B"]
[Result "0-1"]
[WhiteElo "2124"]
[BlackElo "2283"]
[PlyCount "100"]
[EventDate "2021.10.19"]
[EventType "swiss (blitz)"]
[EventRounds "11"]
[EventCountry "USA"]
[SourceTitle "CBM 204 Extra"]
[Source "ChessBase"]
[SourceDate "2021.11.30"]
[SourceVersion "1"]
[SourceVersionDate "2021.11.30"]
[SourceQuality "1"]

1. Nf3 d5 2. c4 e6 3. b3 Nf6 4. Bb2 Be7 5. g3 0-0 6. Bg2 d4 7. Bxd4 Nc6 8. Bb2 Nd7 9. d4 b6 10. 0-0 Bb7 11. d5 exd5 12. cxd5 Nb4 13. e4 Nc5 14. Qd4 Bf6 15. e5 Nc2 16. Qg4 Be7 17. Nh4 Bxh4 18. gxh4 Nxa1 19. e6 f6 20. Bxa1 Qe7 21. Nc3 Rad8 22. h5 c6 23. dxc6 Bc8 24. Re1 Bxe6 25. Qg3 Qf7 26. c7 Rc8 27. b4 Rxc7 28. bxc5 Rxc5 29. Ne4 Rf5 30. Nd6 Qd7 31. Nxf5 Bxf5 32. Qf4 Kh8 33. Qd4 Qf7 34. Be4 Qxh5 35. Qd6 Qg4+ 36. Bg2 Rg8 37. f3 Qg6 38. Qg3 Qf7 39. Bd4 Qxa2 40. Bf2 Qf7 41. Rd1 Bg6 42. Qd6 h5 43. Qd7 Qb3 44. Qd2 a5 45. Re1 a4 46. f4 a3 47. Bd4 Rd8 48. Qc3 Qxc3 49. Bxc3 Rc8 50. Bb4 a2 0-1

[Event "NCA-chT final"]
[Site "Managua"]
[Date "2021.10.17"]
[Round "2.3"]
[White "Salazar Cabezas, Alberto Javier"]
[Black "Arevalo Lopez, Josue"]
[Result "1/2-1/2"]
[WhiteElo "2124"]
[BlackElo "1992"]
[PlyCount "48"]
[EventDate "2021.10.16"]
[EventType "team-tourn"]
[EventRounds "11"]
[EventCountry "NCA"]
[SourceTitle "EXT 2023"]
[Source "ChessBase"]
[SourceDate "2022.10.05"]
[SourceVersion "1"]
[SourceVersionDate "2022.10.05"]
[SourceQuality "1"]
[WhiteTeam "Jane Allen's Knights "]
[BlackTeam "Alcaldia de Managua"]
[WhiteTeamCountry "NCA"]
[BlackTeamCountry "NCA"]

1. Nf3 Nf6 2. c4 b6 3. g3 Bb7 4. Bg2 e6 5. 0-0 Be7 6. Nc3 0-0 7. b3 c5 8. Bb2 d6 9. d4 Nbd7 10. d5 e5 11. e4 Re8 12. Ne1 Nf8 13. Bh3 Bc8 14. Bxc8 Qxc8 15. Qf3 a6 16. a4 Rb8 17. Nd3 Ng6 18. Rae1 h5 19. Qf5 Bf8 20. Qxc8 Rbxc8 21. f4 Nd7 22. f5 Nh8 23. Rf2 Be7 24. Bc1 g5 1/2-1/2

[Event "Online Olym Div3 E"]
[Site "Chess.com INT"]
[Date "2021.08.28"]
[Round "6.5"]
[White "Acheampong, Dave Quansah"]
[Black "Salazar Cabezas, Alberto Javier"]
[Result "1-0"]
[WhiteElo "1375"]
[BlackElo "2124"]
[PlyCount "153"]
[EventDate "2021.08.27"]
[EventType "team-tourn (rapid)"]
[EventRounds "9"]
[EventCountry "USA"]
[SourceTitle "CBM 204 Extra"]
[Source "ChessBase"]
[SourceDate "2021.11.30"]
[SourceVersion "1"]
[SourceVersionDate "2021.11.30"]
[SourceQuality "1"]
[WhiteTeam "Ghana"]
[BlackTeam "Nicaragua"]
[WhiteTeamCountry "GHA"]
[BlackTeamCountry "NCA"]

1. e4 e6 2. d4 d5 3. Nc3 Nf6 4. e5 Nfd7 5. Nf3 c5 6. Bf4 Nc6 7. Nb5 cxd4 8. Nbxd4 Qb6 9. Nxc6 bxc6 10. Rb1 Bc5 11. Bg3 Qa5+ 12. c3 Qxa2 13. Be2 Be7 14. 0-0 Qa5 15. Ra1 Qb6 16. Qc2 0-0 17. Kh1 Rb8 18. Ra2 Qb3 19. Qxb3 Rxb3 20. Rb1 Rb7 21. Nd4 Rc7 22. Rba1 Bc5 23. f4 Bb6 24. Bh4 Re8 25. b4 Nf8 26. b5 Ng6 27. Bg3 c5 28. Nc6 Bd7 29. Nxa7 Ra8 30. Nc6 Rxa2 31. Rxa2 Bxc6 32. bxc6 Rxc6 33. Ra6 c4 34. Bd1 h6 35. Ba4 Rc7 36. Rxb6 Ra7 37. Rb4 h5 38. h4 Ne7 39. Rb8+ Kh7 40. Bc2+ g6 41. Rf8 Kg7 42. Rb8 Ra2 43. Bb1 Ra1 44. Kh2 Nc6 45. Rb6 Na5 46. Bc2 Rc1 47. Ba4 Rxc3 48. Ra6 Nb3 49. Ra7 Nd4 50. Be8 Nf5 51. Rxf7+ Kg8 52. Be1 Re3 53. Bb4 c3 54. Rc7 d4 55. Bxg6 Nxh4 56. Bxh5 Nf5 57. Bf7+ Kh8 58. Bxe6 Nh4 59. Be7 Kh7 60. Bxh4+ Kh6 61. Bf2 Re2 62. Bxd4 c2 63. Bb2 Rf2 64. Bb3 Re2 65. Rxc2 Re4 66. Rc6+ Kh5 67. Kg3 Re3+ 68. Kf2 Rxb3 69. Bd4 Kg4 70. Be3 Rb2+ 71. Ke1 Kf5 72. e6 Rb7 73. Bc5 Ke4 74. e7 Rb8 75. Re6+ Kxf4 76. e8Q Rb1+ 77. Kf2 1-0

[Event "Online Olym Div3 E"]
[Site "Chess.com INT"]
[Date "2021.08.27"]
[Round "2.3"]
[White "Mendez Machado, Andre"]
[Black "Salazar Cabezas, Alberto Javier"]
[Result "0-1"]
[WhiteElo "1773"]
[BlackElo "2124"]
[PlyCount "42"]
[EventDate "2021.08.27"]
[EventType "team-tourn (rapid)"]
[EventRounds "9"]
[EventCountry "USA"]
[SourceTitle "CBM 204 Extra"]
[Source "ChessBase"]
[SourceDate "2021.11.30"]
[SourceVersion "1"]
[SourceVersionDate "2021.11.30"]
[SourceQuality "1"]
[WhiteTeam "Panama"]
[BlackTeam "Nicaragua"]
[WhiteTeamCountry "PAN"]
[BlackTeamCountry "NCA"]

1. e4 e6 2. d3 d5 3. Nd2 Nf6 4. Ngf3 Nc6 5. g3 dxe4 6. dxe4 e5 7. Bg2 Bc5 8. 0-0 0-0 9. c3 a5 10. Qc2 b6 11. Rd1 Ng4 12. Rf1 Ba6 13. c4 Nb4 14. Qc3 Nd3 15. Nb3 Bb4 16. Qc2 a4 17. Nbd2 Bc5 18. Qc3 Ndxf2 19. Rxf2 Bxf2+ 20. Kf1 Bc5 21. Nxe5 Bd4 0-1

[Event "Titled Tuesday intern op 13th July"]
[Site "Chess.com INT"]
[Date "2021.07.13"]
[Round "10"]
[White "Manukyan, Artyom"]
[Black "Salazar Cabezas, Alberto Javier"]
[Result "0-1"]
[WhiteElo "2097"]
[BlackElo "2124"]
[PlyCount "90"]
[EventDate "2021.07.13"]
[EventType "swiss (blitz)"]
[EventRounds "11"]
[EventCountry "USA"]
[SourceTitle "CBM 203 Extra"]
[Source "ChessBase"]
[SourceDate "2021.09.30"]
[SourceVersion "1"]
[SourceVersionDate "2021.09.30"]
[SourceQuality "1"]

1. e4 e6 2. d4 d5 3. Bd3 dxe4 4. Bxe4 Nf6 5. Bf3 c5 6. Ne2 Nc6 7. Be3 cxd4 8. Nxd4 Ne5 9. Nc3 a6 10. Qe2 Nxf3+ 11. gxf3 Bb4 12. 0-0-0 Bxc3 13. Nxe6 Bxb2+ 14. Kxb2 Bxe6 15. Rxd8+ Rxd8 16. Rd1 Rxd1 17. Qxd1 0-0 18. Bd4 Rd8 19. c3 b5 20. Qg1 Ne8 21. Qg5 f6 22. Qc5 Nd6 23. Kc1 Bxa2 24. Qb6 Nf7 25. Qxa6 Bc4 26. f4 h6 27. h4 Re8 28. Kd1 Bb3+ 29. Kd2 Bc4 30. Qc6 Re6 31. Qc8+ Kh7 32. h5 Nd6 33. Qc7 Ne4+ 34. Kc1 Ra6 35. Qb7 Ra1+ 36. Kb2 Ra2+ 37. Kc1 Ra1+ 38. Kb2 Ra2+ 39. Kb1 Nd2+ 40. Kc1 Nb3+ 41. Kd1 Bd3 42. c4 Rc2 43. Be3 Rb2 44. Bc1 Rb1 45. Qd5 Rxc1# 0-1

[Event "Titled Tuesday intern op 13th July"]
[Site "Chess.com INT"]
[Date "2021.07.13"]
[Round "6"]
[White "Prydun, Andriy"]
[Black "Salazar Cabezas, Alberto Javier"]
[Result "0-1"]
[WhiteElo "2197"]
[BlackElo "2124"]
[PlyCount "58"]
[EventDate "2021.07.13"]
[EventType "swiss (blitz)"]
[EventRounds "11"]
[EventCountry "USA"]
[SourceTitle "CBM 203 Extra"]
[Source "ChessBase"]
[SourceDate "2021.09.30"]
[SourceVersion "1"]
[SourceVersionDate "2021.09.30"]
[SourceQuality "1"]

1. d4 Nf6 2. Nc3 d5 3. Bf4 Bf5 4. f3 e6 5. g4 Bg6 6. h4 h5 7. g5 Nfd7 8. e3 Nc6 9. Bd3 Bxd3 10. Qxd3 g6 11. 0-0-0 Nb6 12. e4 Bg7 13. Nge2 0-0 14. Be3 Nb4 15. Qd2 Nc4 16. Qe1 Nxe3 17. Rd2 dxe4 18. Nxe4 Nxa2+ 19. Kb1 Nb4 20. c3 Nbd5 21. N2g3 Nf5 22. Ne2 b6 23. Nc1 a5 24. Nd3 a4 25. Ne5 Bxe5 26. dxe5 Qe7 27. f4 a3 28. Qf1 axb2 29. Rxd5 Ra1+ 0-1

[Event "Titled Tuesday intern op 13th July"]
[Site "Chess.com INT"]
[Date "2021.07.13"]
[Round "5"]
[White "Rodrigues, Afonso"]
[Black "Salazar Cabezas, Alberto Javier"]
[Result "0-1"]
[WhiteElo "2085"]
[BlackElo "2124"]
[PlyCount "22"]
[EventDate "2021.07.13"]
[EventType "swiss (blitz)"]
[EventRounds "11"]
[EventCountry "USA"]
[SourceTitle "CBM 203 Extra"]
[Source "ChessBase"]
[SourceDate "2021.09.30"]
[SourceVersion "1"]
[SourceVersionDate "2021.09.30"]
[SourceQuality "1"]

1. d4 Nf6 2. c4 g6 3. Nc3 d5 4. Bf4 Bg7 5. e3 0-0 6. Rc1 Be6 7. cxd5 Nxd5 8. Nxd5 Bxd5 9. Bxc7 Qd7 10. b3 Nc6 11. Nf3 Qxc7 0-1

[Event "NCA-ch final"]
[Site "Managua"]
[Date "2021.03.28"]
[Round "11"]
[White "Salazar Cabezas, Alberto Javier"]
[Black "Castillo, Rommel"]
[Result "1-0"]
[WhiteElo "2107"]
[BlackElo "1929"]
[PlyCount "63"]
[EventDate "2021.03.06"]
[EventType "tourn"]
[EventRounds "11"]
[EventCountry "NCA"]
[SourceTitle "EXT 2022"]
[Source "ChessBase"]
[SourceDate "2021.10.06"]
[SourceVersion "1"]
[SourceVersionDate "2021.10.06"]
[SourceQuality "1"]

1. e4 e5 2. Nf3 Nc6 3. Bb5 Nge7 4. c3 Ng6 5. d4 exd4 6. cxd4 Bb4+ 7. Nc3 0-0 8. 0-0 a6 9. Bd3 d6 10. h3 Nce7 11. Qc2 c5 12. d5 b5 13. a4 c4 14. Be2 Bd7 15. Nd4 Qb6 16. Be3 Bc5 17. Rfd1 Rac8 18. axb5 axb5 19. b4 cxb3 20. Qxb3 b4 21. Ra6 Qb8 22. Na4 Rfd8 23. Rb1 h6 24. Nb2 Qb7 25. Rba1 Ra8 26. Qa2 Rxa6 27. Qxa6 Qc7 28. Nd3 Rb8 29. Nxc5 dxc5 30. Nb3 Nf4 31. Bf1 Rb6 32. Bxf4 1-0

[Event "NCA-ch final"]
[Site "Managua"]
[Date "2021.03.27"]
[Round "10"]
[White "Simplina, Amor"]
[Black "Salazar Cabezas, Alberto Javier"]
[Result "1/2-1/2"]
[WhiteElo "2151"]
[BlackElo "2107"]
[PlyCount "43"]
[EventDate "2021.03.06"]
[EventType "tourn"]
[EventRounds "11"]
[EventCountry "NCA"]
[SourceTitle "EXT 2022"]
[Source "ChessBase"]
[SourceDate "2021.10.06"]
[SourceVersion "1"]
[SourceVersionDate "2021.10.06"]
[SourceQuality "1"]

1. d4 Nf6 2. c4 g6 3. Nc3 d5 4. cxd5 Nxd5 5. e4 Nxc3 6. bxc3 Bg7 7. Nf3 c5 8. Rb1 0-0 9. Be2 Nc6 10. Be3 cxd4 11. cxd4 Qa5+ 12. Bd2 Qxa2 13. d5 Ne5 14. Nxe5 Bxe5 15. 0-0 a5 16. Bg5 Qa3 17. Rb3 Qd6 18. f4 Bf6 19. Bxf6 Qxf6 20. e5 Qf5 21. Qd4 Rd8 22. Rb6 1/2-1/2

[Event "NCA-ch final"]
[Site "Managua"]
[Date "2021.03.21"]
[Round "8"]
[White "Espinoza, Felix"]
[Black "Salazar Cabezas, Alberto Javier"]
[Result "1-0"]
[WhiteElo "2139"]
[BlackElo "2107"]
[PlyCount "123"]
[EventDate "2021.03.06"]
[EventType "tourn"]
[EventRounds "11"]
[EventCountry "NCA"]
[SourceTitle "EXT 2022"]
[Source "ChessBase"]
[SourceDate "2021.10.06"]
[SourceVersion "1"]
[SourceVersionDate "2021.10.06"]
[SourceQuality "1"]

1. e4 e6 2. d3 d5 3. Nd2 Nf6 4. Ngf3 Nc6 5. g3 dxe4 6. dxe4 e5 7. Bb5 Bc5 8. Qe2 0-0 9. Bxc6 bxc6 10. Nxe5 Re8 11. Nd3 Bb6 12. 0-0 Bg4 13. Qe1 Bh3 14. Qe2 Bxf1 15. Kxf1 Qd7 16. f3 Qd4 17. Nf2 Nd7 18. Nb3 Qf6 19. Nd3 Qe7 20. Bf4 g5 21. Bd2 f5 22. Re1 fxe4 23. Qxe4 Qxe4 24. fxe4 Ne5 25. Bc3 Rf8+ 26. Kg2 Nxd3 27. cxd3 Rf2+ 28. Kh1 Raf8 29. d4 Rf1+ 30. Rxf1 Rxf1+ 31. Kg2 Rf8 32. a4 a6 33. a5 Ba7 34. Nd2 Rd8 35. Nf3 h6 36. g4 Re8 37. Ne5 Re6 38. b4 Rd6 39. Nf3 Kf7 40. Kg3 Re6 41. Ne5+ Ke8 42. h4 Rd6 43. Nf3 Rg6 44. Ne5 Re6 45. hxg5 hxg5 46. Kf3 Rh6 47. Ke2 Rd6 48. Nf3 Rg6 49. Ke3 Kf8 50. e5 Ke7 51. Ke4 Rg8 52. Bd2 c5 53. bxc5 c6 54. Bxg5+ Ke6 55. Kf4 Bb8 56. Bf6 Bc7 57. Ng5+ Kd5 58. Kf5 Bxa5 59. e6 Bc3 60. e7 a5 61. Ne6 a4 62. Nf8 1-0

[Event "NCA-ch final"]
[Site "Managua"]
[Date "2021.03.14"]
[Round "6"]
[White "Espinoza Solano, Jose Nahum"]
[Black "Salazar Cabezas, Alberto Javier"]
[Result "1-0"]
[WhiteElo "2054"]
[BlackElo "2107"]
[PlyCount "105"]
[EventDate "2021.03.06"]
[EventType "tourn"]
[EventRounds "11"]
[EventCountry "NCA"]
[SourceTitle "EXT 2022"]
[Source "ChessBase"]
[SourceDate "2021.10.06"]
[SourceVersion "1"]
[SourceVersionDate "2021.10.06"]
[SourceQuality "1"]

1. e4 e6 2. d4 d5 3. exd5 exd5 4. c4 Bb4+ 5. Bd2 Bxd2+ 6. Qxd2 Nf6 7. Nc3 0-0 8. 0-0-0 c6 9. Nf3 Bf5 10. Ne5 Qa5 11. f3 dxc4 12. g4 Be6 13. Bxc4 Bxc4 14. Nxc4 Qa6 15. Ne5 Nd5 16. Kb1 f6 17. Nd3 Nd7 18. Nxd5 cxd5 19. Nf4 Qd6 20. Rhe1 Rfe8 21. Nd3 Kf7 22. g5 Rxe1 23. Rxe1 Re8 24. Rc1 Kg8 25. a3 Nb6 26. gxf6 Qxf6 27. Ne5 Qf5+ 28. Ka1 Rc8 29. Rxc8+ Qxc8 30. Qa5 Qb8 31. Qc5 Qc8 32. Qe7 h6 33. Qf7+ Kh7 34. Ka2 Qc2 35. Qxb7 Nc4 36. Qb3 Qxh2 37. Nxc4 dxc4 38. Qxc4 h5 39. d5 Qh3 40. Qe4+ Kh6 41. d6 Qd7 42. Qe7 Qf5 43. Qe3+ Kg6 44. Qg1+ Kh6 45. Qd4 Qe6+ 46. Kb1 Qf5+ 47. Kc1 Qd7 48. Kd2 Kh7 49. b4 Kh6 50. b5 Qxb5 51. d7 Qa5+ 52. Ke2 Qd8 53. Qe3+ 1-0

[Event "NCA-ch sf"]
[Site "Managua"]
[Date "2021.02.20"]
[Round "4"]
[White "Diego Martinez, Humberto Jose"]
[Black "Salazar Cabezas, Alberto Javier"]
[Result "1/2-1/2"]
[WhiteElo "2076"]
[BlackElo "2107"]
[PlyCount "82"]
[EventDate "2021.02.13"]
[EventType "swiss"]
[EventRounds "9"]
[EventCountry "NCA"]
[SourceTitle "EXT 2022"]
[Source "ChessBase"]
[SourceDate "2021.10.06"]
[SourceVersion "1"]
[SourceVersionDate "2021.10.06"]
[SourceQuality "1"]

1. d4 Nf6 2. Bg5 c5 3. Bxf6 gxf6 4. d5 Qb6 5. Qc1 d6 6. c4 Bg7 7. Nc3 f5 8. e3 Nd7 9. f4 Nf6 10. Bd3 0-0 11. Nge2 e6 12. 0-0 Re8 13. Rf3 exd5 14. cxd5 Ng4 15. Bb5 Re7 16. Bc4 Bd7 17. h3 Qb4 18. b3 b5 19. hxg4 fxg4 20. Rf2 bxc4 21. f5 cxb3 22. axb3 Bf6 23. Rf4 Qb6 24. Rxg4+ Kh8 25. e4 c4+ 26. Kh1 Be5 27. Qh6 Qf2 28. Rh4 f6 29. Nf4 Rg7 30. Ng6+ Kg8 31. Rg4 Re8 32. Nxe5 Ree7 33. Nxd7 Rxd7 34. Qf4 Qb2 35. Rb1 Qxc3 36. bxc4 h5 37. Rb8+ Kf7 38. Rg6 Rxg6 39. fxg6+ Kg7 40. Qf5 Qe1+ 41. Kh2 Qh4+ 1/2-1/2

[Event "Managua Hurtado Memorial 20th"]
[Site "Managua"]
[Date "2020.12.29"]
[Round "6"]
[White "Picado, Jorge Luis"]
[Black "Salazar Cabezas, Alberto Javier"]
[Result "0-1"]
[WhiteElo "2202"]
[BlackElo "2041"]
[PlyCount "66"]
[EventDate "2020.12.26"]
[EventType "swiss"]
[EventRounds "9"]
[EventCountry "NCA"]
[SourceTitle "CBM 200 Extra"]
[Source "ChessBase"]
[SourceDate "2021.03.31"]
[SourceVersion "1"]
[SourceVersionDate "2021.03.31"]
[SourceQuality "1"]

1. e4 e6 2. d4 d5 3. Nd2 Nf6 4. e5 Nfd7 5. Bd3 c5 6. c3 Nc6 7. Ne2 cxd4 8. cxd4 f6 9. exf6 Qxf6 10. Nf3 h6 11. Nf4 Bb4+ 12. Kf1 0-0 13. h4 Bd6 14. Ng6 Re8 15. Bg5 Qf7 16. Be3 e5 17. Ng5 Qf6 18. dxe5 Ndxe5 19. Nxe5 Rxe5 20. Kg1 Rxe3 21. fxe3 Bf5 22. Bxf5 Qxf5 23. Qf3 Qe5 24. Qf7+ Kh8 25. Rh3 Rf8 26. Qg6 hxg5 27. hxg5+ Kg8 28. Qh7+ Kf7 29. Rf1+ Ke8 30. Qg6+ Kd7 31. Rxf8 Bxf8 32. Rf3 Bd6 33. b3 Qa1+ 0-1

[Event "Managua Hurtado Memorial 20th"]
[Site "Managua"]
[Date "2020.12.26"]
[Round "1"]
[White "Morales Castillo, Angel"]
[Black "Salazar Cabezas, Alberto Javier"]
[Result "0-1"]
[WhiteElo "1344"]
[BlackElo "2041"]
[PlyCount "68"]
[EventDate "2020.12.26"]
[EventType "swiss"]
[EventRounds "9"]
[EventCountry "NCA"]
[SourceTitle "CBM 200 Extra"]
[Source "ChessBase"]
[SourceDate "2021.03.31"]
[SourceVersion "1"]
[SourceVersionDate "2021.03.31"]
[SourceQuality "1"]

1. d4 Nf6 2. c4 g6 3. Nc3 d5 4. Nf3 Bg7 5. cxd5 Nxd5 6. e4 Nxc3 7. bxc3 c5 8. Be2 Nc6 9. Be3 Bg4 10. Rb1 Rb8 11. 0-0 Bxf3 12. Bxf3 cxd4 13. cxd4 Nxd4 14. Bg4 0-0 15. Qa4 h5 16. Bxd4 Bxd4 17. Bd7 e5 18. Kh1 a6 19. Bh3 Qf6 20. f3 Rfd8 21. Qa5 Qd6 22. g3 h4 23. g4 Rdc8 24. Rfd1 Rc2 25. g5 Qc6 26. Qe1 Bf2 27. Qf1 Rxa2 28. Rdc1 Qd6 29. Rc8+ Rxc8 30. Bxc8 Qa3 31. Qd1 Rd2 32. Qb3 Qxb3 33. Rxb3 a5 34. Rxb7 Be3 0-1

[Event "NCA-chT Final"]
[Site "Managua"]
[Date "2020.11.01"]
[Round "9.23"]
[White "Berrios, Natanael"]
[Black "Salazar Cabezas, Alberto Javier"]
[Result "0-1"]
[WhiteElo "1857"]
[BlackElo "1989"]
[PlyCount "58"]
[EventDate "2020.10.24"]
[EventType "team-tourn"]
[EventRounds "11"]
[EventCountry "NCA"]
[SourceTitle "EXT 2022"]
[Source "ChessBase"]
[SourceDate "2021.10.06"]
[SourceVersion "1"]
[SourceVersionDate "2021.10.06"]
[SourceQuality "1"]

1. d4 Nf6 2. c4 g6 3. Nc3 d5 4. cxd5 Nxd5 5. e4 Nxc3 6. bxc3 Bg7 7. Bc4 c5 8. Ne2 0-0 9. Be3 Qc7 10. Rc1 a6 11. h4 b5 12. Bb3 Bb7 13. f3 Nc6 14. h5 Rfd8 15. hxg6 hxg6 16. Qd2 Qa5 17. Bh6 Bh8 18. Qg5 c4 19. Nf4 Rd6 20. Qh4 cxb3 21. Bf8 Bf6 22. Qh7+ Kxf8 23. e5 b2 24. exf6 bxc1Q+ 25. Kf2 Qd2+ 26. Kg3 exf6 27. Nxg6+ fxg6 28. Qxb7 Qg5+ 29. Kf2 Qxa2+ 0-1

[Event "NCA-chT Final"]
[Site "Managua"]
[Date "2020.10.31"]
[Round "6.3"]
[White "Salazar Cabezas, Alberto Javier"]
[Black "Picado, Jorge Luis"]
[Result "0-1"]
[WhiteElo "1989"]
[BlackElo "2262"]
[PlyCount "96"]
[EventDate "2020.10.24"]
[EventType "team-tourn"]
[EventRounds "11"]
[EventCountry "NCA"]
[SourceTitle "EXT 2022"]
[Source "ChessBase"]
[SourceDate "2021.10.06"]
[SourceVersion "1"]
[SourceVersionDate "2021.10.06"]
[SourceQuality "1"]

1. e4 e6 2. d4 d5 3. Bd3 dxe4 4. Bxe4 Nf6 5. Bf3 c5 6. Ne2 a6 7. Be3 cxd4 8. Qxd4 Qc7 9. Nbc3 Nc6 10. Qb6 Qxb6 11. Bxb6 Ne5 12. 0-0-0 Nfd7 13. Na4 Nxf3 14. gxf3 Be7 15. Nec3 f5 16. Rhe1 Kf7 17. Ne2 Re8 18. Nd4 Bg5+ 19. Kb1 Nxb6 20. Nxb6 Rb8 21. Nb3 Bf4 22. Nd7 Bxd7 23. Rxd7+ Re7 24. Rxe7+ Kxe7 25. Nd4 Kf7 26. h3 g6 27. c3 e5 28. Ne2 Bg5 29. Rd1 Rd8 30. Rxd8 Bxd8 31. Kc2 Bb6 32. f4 exf4 33. f3 g5 34. Kd2 Kf6 35. c4 a5 36. Nc3 Ke6 37. Nd5 Bd4 38. b3 Bg7 39. Ke2 h5 40. Kf1 b5 41. Kg2 bxc4 42. bxc4 a4 43. Nc3 a3 44. Nb5 g4 45. h4 Bb2 46. Kf2 Ke5 47. Kg2 Bd4 48. Kf1 gxf3 0-1